Ngữ pháp Việt Nam phần câu
Trình bày hệ thống ngữ pháp tiếng Việt (Phần câu) theo cách tiếp cận vừa kế thừa ngữ pháp truyền thống vừa tiếp nhận thành tựu của ngôn ngữ học hiện đại, bao gồm: Cú pháp và nghĩa biểu hiện của câu; câu phủ định và hành động phủ định, câu hỏi với tư cách lời trao đổi;... Giới thiệu những nội dung mớ...
Sparad:
| Huvudupphovsman: | |
|---|---|
| Materialtyp: | Bok |
| Språk: | Vietnamese |
| Publicerad: |
H.
Đại hoc Sư phạm
2004
|
| Ämnen: | |
| Taggar: |
Lägg till en tagg
Inga taggar, Lägg till första taggen!
|
| Thư viện lưu trữ: | Mạng thư viện Đại học Đà Nẵng |
|---|
| LEADER | 01502nam a2200325 4500 | ||
|---|---|---|---|
| 001 | 000015445 | ||
| 003 | 11825 | ||
| 005 | 20120528160555.0 | ||
| 008 | 120528s2004 viesd | ||
| 020 | |c 45000đ | ||
| 041 | 0 | |a vie | |
| 082 | |a 495.9225 |b DI-B | ||
| 100 | 0 | |a Diệp Quang Ban |e Tác giả | |
| 245 | 0 | |a Ngữ pháp Việt Nam phần câu |c Diệp Quang Ban | |
| 260 | |a H. |b Đại hoc Sư phạm |c 2004 | ||
| 300 | |a 442 tr. |c 20cm | ||
| 520 | |a Trình bày hệ thống ngữ pháp tiếng Việt (Phần câu) theo cách tiếp cận vừa kế thừa ngữ pháp truyền thống vừa tiếp nhận thành tựu của ngôn ngữ học hiện đại, bao gồm: Cú pháp và nghĩa biểu hiện của câu; câu phủ định và hành động phủ định, câu hỏi với tư cách lời trao đổi;... Giới thiệu những nội dung mới trong công việc nghiên cứu tiếng Việt (phần câu) như: Phân biệt các siêu chức năng của câu; phân biệt các biểu hiện cấu trúc nghĩa biểu hiện khác nhau diễn đạt cùng một sự viêc,.. | ||
| 653 | |a Ngôn ngữ | ||
| 653 | |a Ngữ pháp Việt Nam | ||
| 653 | |a phần câu | ||
| 700 | |a Diệp Quang Ban |e Tác giả | ||
| 910 | |a Lê Thị Hoài Thanh |d 11/10/2011 | ||
| OWN | |a LSP | ||
| 999 | |a From the UDN01 | ||
| TYP | |a Monograph | ||
| TYP | |a Printed language | ||
| 980 | |a Mạng thư viện Đại học Đà Nẵng | ||